000 00852nam a2200145 4500
008 861.728.6 Ch512p
020 _a9789930966280
082 _a861.728.6
_bCh512p
100 _aChaves, G.A. (edición)
_97150
245 _aPara un siglo con cédula:
_b18 años de poesía Perro Azul
260 _aSan José, Costa Rica
_bEdiciones Perro Azul
_c2019
300 _a148 p.
_c14 x 21 cm
505 _tPrólogo: DOS PERROS
_rClara Astiasarán
_t1. Para un siglo con cédula: Historia personal de Perro Azul
_t2. Mínima prehistoria andariega (1999)
_t3. sin palabras de otros / sin palabras mías (2000 - 2005)
_t4. Variaciones en torno a la carpintería de las cosas (2006 - 2010)
_t5. El oficio de alejarse: Los años en paréntesis (2011 - 2014)
_t6. El perro que regresa (2015 - 2018)
650 _xliteratura
_xpoesía
_xCosta Rica
_xpoesía costarricense s. XXI
_97151
999 _c1837
_d1837